书目信息 |
| 题名: |
加强党的执政能力建设专题讲稿
|
|
| 作者: | 虞云耀 著 | |
| 分册: | ||
| 出版信息: | 北京 中共中央党校出版社 2004 |
|
| 页数: | 214页 | |
| 开本: | 20cm | |
| 丛书名: | ||
| 单 册: | ||
| 中图分类: | D25 | |
| 科图分类: | ||
| 主题词: | 中国共产党--执政--研究 | |
| 电子资源: | ||
| ISBN: | 7-5035-3025-1 | |
| 000 | 00610nam0 2200193 450 | |
| 001 | 0760576815 | |
| 005 | 20070721085451.85 | |
| 010 | @a7-5035-3025-1@dCNY24.00 | |
| 100 | @a20070711d2004 km y0chiy0120 ea | |
| 101 | 0 | @achi |
| 102 | @aCN@b110000 | |
| 200 | 1 | @a加强党的执政能力建设专题讲稿@Ajia qiang dang de zhi zheng neng li jian she zhuan ti jiang gao@f虞云耀等著@Fyu yun yao deng zhu |
| 210 | @a北京@c中共中央党校出版社@d2004@h2005 | |
| 215 | @a214页@d20cm | |
| 606 | 0 | @a中国共产党@x执政@x研究 |
| 690 | @aD25@v3 | |
| 701 | 0 | @a虞云耀@Ayu yun yao@4著 |
| 801 | 0 | @aCN@bPFT@c20070721 |
| 905 | @a10447@dD25@e177 | |
| 加强党的执政能力建设专题讲稿/虞云耀等著.-北京:中共中央党校出版社,2004(2005) |
| 214页;20cm |
| ISBN 7-5035-3025-1:CNY24.00 |
| ● |
| 相关链接 |
|
|
|
|
正题名:加强党的执政能力建设专题讲稿
索取号:D25/177
 
预约/预借
| 序号 | 登录号 | 条形码 | 馆藏地/架位号 | 状态 | 备注 |
| 1 | 0769701 | 207697018 | 第一样本阅览室/ [索取号:D25/177] | 在馆 |